00614nam a22001817a 4500003000900000008004100009040007100050082002500121100003000146245005300176260004500229300004300274505002600317650002500343650001400368650001300382700003700395AR-CdUCM190404b ||||| |||| 00| 0 spa d aMUNICIPALIDAD PROVINCIAL DEL CUSCOcBIBLIOTECA MUNICIPAL DEL CUSCO a869.26 /bC33 / 1954 aCastelpoggi, Atilio Jorge aLos hombres del subsuelo :bSeñal en el alba / aArgentina :bTall. Graf. Lorenzo,c1954. a52 páginas ;bilustraciones,c33 cm. aContenido: Poesías. aLiteratura Argentina aPoesías aSiglo XX aBreglia Arias, Omar (tipografia)